Nelynejnyje volny /

Gespeichert in:
Bibliographische Detailangaben
Format: Buch
Sprache:Russisch
Veröffentlicht: Moskva : Mir, 1977
Schlagworte:
Tags: Tag hinzufügen
Keine Tags, Fügen Sie das erste Tag hinzu!

MARC

LEADER 00000nam a22000003a 4500
001 stu39750
005 20141122051441.2
008 930304s1977----xxr-----------------rus-d
040 |a STU  |b slo 
041 0 |a rus 
044 |a xxr 
080 |a 530.18 
245 |a Nelynejnyje volny /  |c Z angl. kol 
260 |a Moskva :  |b Mir,  |c 1977 
300 |a 319 s 
650 7 |a vlny nelineárne  |2 stusub 
996 |b 284M055234  |c M*7710-1  |l MMKN  |s A  |a 24  |w stu39750_0001